Breisgau S-Bahn - Statistiken

Allgemein
  • Dieses Quiz wurde 34 mal gespielt
  • Das Durchschnittsergebnis liegt bei 35 aus 56
Antwortstatistiken
Linie Bahnhof % Korrekt
Freiburg (Breisgau) Hauptbahnhof
96%
S10 Freiburg (Breisgau) Hauptbahnhof
96%
Freiburg (Breisgau) Hauptbahnhof
96%
Titisee
85%
Titisee
85%
Titisee
85%
S1 Breisach
81%
Neustadt (Schwarzwald)
81%
Neustadt (Schwarzwald)
81%
Villingen (Schwarzwald)
81%
S11 Endingen am Kaiserstuhl
73%
Freiburg-Littenweiler
73%
Freiburg-Littenweiler
73%
Freiburg-Littenweiler
73%
Freiburg Messe/Universität
69%
Freiburg Messe/Universität
69%
Gottenheim
69%
Gottenheim
69%
Himmelreich
69%
Himmelreich
69%
Himmelreich
69%
Freiburg Klinikum
65%
Freiburg Klinikum
65%
Freiburg-Wiehre
65%
Freiburg-Wiehre
65%
Freiburg-Wiehre
65%
Kirchzarten
65%
Kirchzarten
65%
Kirchzarten
65%
Seebrugg
65%
Freiburg-Landwasser
62%
Freiburg-Landwasser
62%
Hugstetten
58%
Hugstetten
58%
Ihringen
58%
Schluchsee
58%
Riegel Ort
54%
Wasenweiler
54%
Bahlingen am Kaiserstuhl
50%
Donaueschingen
50%
Eichstetten am Kaiserstuhl
50%
Hinterzarten
50%
Hinterzarten
50%
Hinterzarten
50%
Hüfingen Mitte
50%
Altglashütten-Falkau
46%
Bötzingen
46%
Aha
42%
Feldberg-Bärental
42%
Löffingen
42%
Nimburg (Baden)
42%
Döggingen
38%
Bahlingen Riedlen
35%
Bachheim
31%
Unadingen
31%
Rötenbach (Baden)
27%
Keine übereinstimmenden Quizze gefunden
Verteilung der Resultate
Anzahl Personen mit jedem Resultat
Perzentil nach korrekt beantworteten Fragen
Ihre Resultats-Entwicklung
Sie haben dieses Quiz noch nicht gespielt